000 00467nam a2200193Ia 4500
005 20240823030520.0
008 240823s9999||||xx |||||||||||||| ||und||
020 _a978-81-259-4268-9
041 _aENGLISH
082 _A624.171 Q1
100 _aBhavikatti S S
245 0 _aStructural Analysis II
250 _a3rd
260 _c2011
_b"Vikas Pub.,New "
_aNew Delhi
500 _aYES
650 _aStructural Analysis
_bCivil
942 _cBK
999 _c188882
_d188882